000 00607nam a2200241Ia 4500
003 OSt
005 20220918230451.0
006 a|||||r|||| 00| 0
007 ta
008 220917b |||||||| |||| 00| 0 eng d
024 _a253,817
037 _cTextual
040 _aARTS
_cARTS
_beng
041 _2eng
_aeng
082 _aP31,Dx1,1:g, 111N7
100 _aSastri P. S. Subrahmanya
245 0 _aTolkappiyam
260 _c1997
300 _a134p.
_ccm.
650 _aLINGUISTICS
942 _hP31,Dx1,1:g, 111N7
_cTEXL
_2CC
999 _c288107
_d288107